{"text_format":"3","workbook":"xlsx","n_sheets":4,"sheets":["8","9","10","11"],"not_rendered":{"defined_names":4},"read":"whole","date_system":"1900"}

{"sheet":"8","index":0,"n_rows":40,"n_cols":14,"rows_kept":40}
["№","Фамилия","Имя","Отчество","Пол","Класс","Класс участия","предварительный балл","добавочный балл","итоовый балл","Макс. балл","Статус","Призер РЭ прошлого года","Учитель"]
[1,"Михеев","Захар","Юрьевич","м",8,8,74,null,null,100,null,null,"Товалович Артем Сергеевич"]
[2,"Володин","Аким","Владиславович","м",7,8,70,null,null,100,null,null,"Ильясов Айнур Ильясович"]
[3,"Добротворский","Даниял","Алексеевич","м",8,8,68,null,null,100,null,null,"Товалович Артем Сергеевич"]
[4,"Мухаметшин","Салават","Даниярович","м",8,8,63,null,null,100,null,null,"Товалович Артем Сергеевич"]
[5,"Мурзин","Вадим","Максимович","м",8,8,56,null,null,100,null,null,"Товалович Артем Сергеевич"]
[6,"Аллун","Ильяс","Фейсалович","м",8,8,55,null,null,100,null,null,"Товалович Артем Сергеевич"]
[7,"Никонов","Максим","Алексеевич","м",7,8,55,null,null,100,null,null,"Ильясов Айнур Ильясович"]
[8,"Цыганов","Илья","Алексеевич","м",8,8,55,null,null,100,null,null,"Товалович Артем Сергеевич"]
[9,"Гимранов","Самир","Рустемович","м",7,8,49,null,null,100,null,null,"Ильясов Айнур Ильясович"]
[10,"Чапаев","Роман","Андреевич","м",8,8,46,null,null,100,null,null,"Сачко Марина Николаевна"]
[11,"Мингазов","Булат","Маратович","м",8,8,44,null,null,100,null,null,"Товалович Артем Сергеевич"]
[12,"Зарипов","Айдар","Ренатович","м",7,8,43,null,null,100,null,null,"Ильясов Айнур Ильясович"]
[13,"Кононов","Радмир","Владимирович","м",7,8,43,null,null,100,null,null,"Сачко Марина Николаевна"]
[14,"Кузьмин","Егор","Павлович","м",8,8,40,null,null,100,null,null,"Товалович Артем Сергеевич"]
[15,"Буканин","Илья","Сергеевич","м",8,8,37,null,null,100,null,null,"Сачко Марина Николаевна"]
[16,"Халиков","Ильяс","Ильнурович","м",8,8,35,null,null,100,null,null,"Товалович Артем Сергеевич"]
[17,"Долганов","Владимир","Андреевич","м",8,8,34,null,null,100,null,null,"Товалович Артем Сергеевич"]
[18,"Можаев","Даниял","Константинович","м",8,8,33,null,null,100,null,null,"Товалович Артем Сергеевич"]
[19,"Валиев","Нариман","Ренатович","м",8,8,32,null,null,100,null,null,"Товалович Артем Сергеевич"]
[20,"Галимов","Радмир","Русланович","м",8,8,32,null,null,100,null,null,"Товалович Артем Сергеевич"]
[21,"Сафина","Амина","Ильясовна","ж",8,8,30,null,null,100,null,null,"Шакирова Эндже Каримовна"]
[22,"Багаутдинов","Алмаз","Раисович","м",8,8,26,null,null,100,null,null,"Ахмерова Динара Рафиковна"]
[23,"Параничев","Климентий","Максимович","м",8,8,26,null,null,100,null,null,"Халиуллина Алсу Талгатовна"]
[24,"Зайнуллин","Амир","Илнурович","м",7,8,25,null,null,100,null,null,"Ильясов Айнур Ильясович"]
[25,"Пчельникова","Елизавета","Валерьевна","ж",8,8,23,null,null,100,null,null,"Кириллова Юлия Анатольевна"]
[26,"Айметдинов","Нурсултан","Асимович","м",7,8,21,null,null,100,null,null,"Ильясов Айнур Ильясович"]
[27,"Исламов","Нияз","Динарович","м",8,8,19,null,null,100,null,null,"Товалович Артем Сергеевич"]
[28,"Гараев","Салих","Радикович","м",8,8,15,null,null,100,null,null,"Товалович Артем Сергеевич"]
[29,"Кащеева","Эвелина","Максимовна","ж",8,8,11,null,null,100,null,null,"Степанов Бронислав Анатольевич"]
[30,"Михайлова","Эльвина","Евгеньевна","ж",8,8,11,null,null,100,null,null,"Степанов Бронислав Анатольевич"]
[31,"Кашипова","Дарина","Аделевна","ж",8,8,8,null,null,100,null,null,"Бутов Константин Павлович"]
[32,"Шубин","Артем","Александрович","м",8,8,8,null,null,100,null,null,"Пичугина Дарья Александровна"]
[33,"Карнаухов","Глеб","Дмитриевич","м",8,8,7,null,null,100,null,null,"Товалович Артем Сергеевич"]
[34,"Кязымова","Самира","Рауф кызы","ж",8,8,7,null,null,100,null,null,"Ибрагимова Эльмира Шафиковна"]
[35,"Фомина","Полина","Сергеевна","ж",8,8,7,null,null,100,null,null,"Пичугина Дарья Александровна"]
[36,"Афзалова","Дарина","Айдаровна","ж",8,8,6,null,null,100,null,null,"Заболотская Дилия Владимировна"]
[37,"Клименков","Алексей","Андреевич","м",8,8,5,null,null,100,null,null,"Ахмерова Динара Рафиковна"]
[38,"Зайцева","Анастасия","Сергеевна","ж",8,8,4,null,null,100,null,null,"Ибрагимова Эльмира Шафиковна"]
[39,"Машаев","Реналь","Ренатович","м",8,8,4,null,null,100,null,null,"Заболотская Дилия Владимировна"]

{"sheet":"9","index":1,"n_rows":20,"n_cols":14,"rows_kept":20}
["№","Фамилия","Имя","Отчество","Пол","Класс","Класс участия","предварительный балл","добавочный балл","итоговый  балл","Макс. балл","Статус","Призер РЭ прошлого года","Учитель"]
[1,"Баянов","Андрей","Владимирович","м",9,9,87,null,null,100,null,"Да","Ильясов Айнур Ильясович"]
[2,"Зимирев","Артур","Евгеньевич","м",9,9,55,null,null,100,null,"Да","Ильясов Айнур Ильясович"]
[3,"Шандыров","Роман","Витальевич","м",9,9,53,null,null,100,null,null,"Ильясов Айнур Ильясович"]
[4,"Мухаметшин","Давид","Рустамович","м",9,9,45,null,null,100,null,null,"Ильясов Айнур Ильясович"]
[5,"Артемьев","Артём","Романович","м",9,9,40,null,null,100,null,null,"Ильясов Айнур Ильясович"]
[6,"Проскурина","Екатерина","Петровна","ж",9,9,37,null,null,100,null,null,"Степанов Бронислав Анатольевич"]
[7,"Якимов","Максим","Максимович","м",9,9,35,null,null,100,null,"Да","Ильясов Айнур Ильясович"]
[8,"Хасанов","Инсаф","Русланович","м",9,9,34,null,null,100,null,null,"Кириллова Юлия Анатольевна"]
[9,"Борисенко","Виктория","Владимировна","ж",9,9,28,null,null,100,null,null,"Лаврентьева Ольга Владимировна"]
[10,"Баев","Самир","Ленарович","м",9,9,25,null,null,100,null,null,"Ильясов Айнур Ильясович"]
[11,"Юсупов","Билал","Ильнурович","м",9,9,22,null,null,100,null,null,"Ильясов Айнур Ильясович"]
[12,"Саматов","Амир","Ринатович","м",9,9,21,null,null,100,null,null,"Услугина Светлана Петровна"]
[13,"Загидулин","Ильназ","Ильдарович","м",9,9,19,null,null,100,null,null,"Халиуллина Алсу Талгатовна"]
[14,"Коробейников","Ярослав","Алексеевич","м",9,9,17,null,null,100,null,null,"Лаврентьева Ольга Владимировна"]
[15,"Давлетшина","Ильвира","Ильсуровна","ж",9,9,13,null,null,100,null,null,"Бутов Константин Павлович"]
[16,"Хайруллин","Нияз","Ильдарович","м",9,9,11,null,null,100,null,null,"Пичугина Дарья Александровна"]
[17,"Бикулов","Степан","Александрович","м",9,9,9,null,null,100,null,null,"Ильясов Айнур Ильясович"]
[18,"Нуруллина","Амина","Дамировна","ж",9,9,9,null,null,100,null,null,"Фаттахова Айсылу Искандаровна"]
[19,"Хуснутдинова","Влада","Артемовна","м",9,9,4,null,null,100,null,null,"Фаттахова Айсылу Искандаровна"]

{"sheet":"10","index":2,"n_rows":35,"n_cols":14,"rows_kept":35}
["№","Фамилия","Имя","Отчество","Пол","Класс","Класс участия","предварительный балл","добаволчный балл","итоговый балл","Макс. балл","Статус","Призер РЭ прошлого года","Учитель"]
[1,"Ибатуллин","Амир","Азатович","м",10,10,95,null,null,100,null,"Да","Ильясов Айнур Ильясович"]
[2,"Анисимов","Павел","Арсеньевич","м",10,10,89,null,null,100,null,"Да","Ильясов Айнур Ильясович"]
[3,"Малыгин","Егор","Евгеньевич","м",10,10,84,null,null,100,null,null,"Ильясов Айнур Ильясович"]
[4,"Чернышев","Илья","Александрович","м",10,10,82,null,null,100,null,"Да","Ильясов Айнур Ильясович"]
[5,"Мугизов","Ильдар","Ахтямович","м",10,10,79,null,null,100,null,null,"Ильясов Айнур Ильясович"]
[6,"Калимуллин","Амир","Наилович","м",10,10,71,null,null,100,null,"Да","Ильясов Айнур Ильясович"]
[7,"Никонов","Михаил","Алексеевич","м",10,10,66,null,null,100,null,null,"Ильясов Айнур Ильясович"]
[8,"Биктагиров","Камиль","Вахитович","м",10,10,60,null,null,100,null,null,"Ильясов Айнур Ильясович"]
[9,"Федосеев","Матвей","Анатольевич","м",10,10,59,null,null,100,null,null,"Афиногентова Ангелина Александровна"]
[10,"Николаев","Михаил","Андреевич","м",10,10,53,null,null,100,null,null,"Ильясов Айнур Ильясович"]
[11,"Петрова","Виктория","Алексеевна","ж",10,10,48,null,null,100,null,null,"Обуховская Ирина Николаевна"]
[12,"Шакиров","Камиль","Маратович","м",10,10,48,null,null,100,null,"Да","Афиногентова Ангелина Александровна"]
[13,"Гатин","Рамазан","Русланович","м",10,10,46,null,null,100,null,null,"Афиногентова Ангелина Александровна"]
[14,"Гилязева","Аделя","Ильгамовна","ж",10,10,42,null,null,100,null,null,"Лукавченко Ксения Михайловна"]
[15,"Толстокулаков","Михаил","Дмитриевич","м",10,10,42,null,null,100,null,null,"Афиногентова Ангелина Александровна"]
[16,"Долганов","Роман","Павлович","м",10,10,41,null,null,100,null,null,"Афиногентова Ангелина Александровна"]
[17,"Поликарпов","Данил","Геннадьевич","м",10,10,41,null,null,100,null,null,"Афиногентова Ангелина Александровна"]
[18,"Упаев","Семён","Альбертович","м",10,10,40,null,null,100,null,null,"Ильясов Айнур Ильясович"]
[19,"Шайхисламова","Диана","Азатовна","ж",10,10,37,null,null,100,null,null,"Чернятьева Татьяна Алексеевна"]
[20,"Миннеханов","Малик","Хазиевич","м",10,10,36,null,null,100,null,null,"Гиждеван Елена Александровна"]
[21,"Ульданов","Рафиль","Ниязович","м",10,10,34,null,null,100,null,null,"Афиногентова Ангелина Александровна"]
[22,"Гафуров","Адель","Альбертович","м",10,10,33,null,null,100,null,null,"Юганова Евгения Михайловна"]
[23,"Вафина","Арина","Радиковна","ж",10,10,30,null,null,100,null,null,"Даулетов Ильназ Илусович"]
[24,"Гайнутдинов","Алмаз","Фаритович","м",10,10,28,null,null,100,null,null,"Старостина Е.Е."]
[25,"Гайдуллин","Ярослав","Владимирович","м",10,10,27,null,null,100,null,null,"Афиногентова Ангелина Александровна"]
[26,"Данилова","Карина","Шерзодовна","ж",10,10,26,null,null,100,null,null,"Лукавченко Ксения Михайловна"]
[27,"Шакиров","Алим","Земфирович","м",10,10,23,null,null,100,null,null,"Ильясов Айнур Ильясович"]
[28,"Сагитов","Амир","Маратович","м",10,10,22,null,null,100,null,null,"Афиногентова Ангелина Александровна"]
[29,"Шигапова","Айсылу","Ильнуровна","ж",10,10,20,null,null,100,null,null,"Лукавченко Ксения Михайловна"]
[30,"Калыков","Эмиль","Даниярович","м",10,10,14,null,null,100,null,null,"Афиногентова Ангелина Александровна"]
[31,"Коврова","София","Анатольевна","ж",10,10,8,null,null,100,null,null,"Валиева Елена Анатольевна"]
[32,"Ахметзянова","Рината","Рустемовна","ж",10,10,4,null,null,100,null,null,"Бурмистрова Екатерина Александровна"]
[33,"Миндарев","Малик","Рустемович","м",10,10,4,null,null,100,null,null,"Гурьянова Светлана Анатольевна"]
[34,"Павлов","Дмитрий","Алексеевич","м",10,10,2,null,null,100,null,null,"Обуховская Ирина Николаевна"]

{"sheet":"11","index":3,"n_rows":18,"n_cols":14,"rows_kept":18}
["№","Фамилия","Имя","Отчество","Пол","Класс","Класс участия","превичный балл","добавычный балл","итоговый балл","максимальный балл","Статус","Призер РЭ прошлого года","Учитель"]
[1,"Ильин","Дмитрий","Викторович","м",11,11,85,null,null,100,null,"Да","Ильясов Айнур Ильясович"]
[2,"Аллун","Абдульбари","Фейсал","м",11,11,71,null,null,100,null,"Да","Ильясов Айнур Ильясович"]
[3,"Кашапов","Арсен","Русланович","м",11,11,66,null,null,100,null,"Да","Ильясов Айнур Ильясович"]
[4,"Галиев","Рашид","Русланович","м",11,11,59,null,null,100,null,null,"Ильясов Айнур Ильясович"]
[5,"Шабуров","Тимур","Ринатович","м",11,11,35,null,null,100,null,null,"Ильясов Айнур Ильясович"]
[6,"Волкова","Дина","Вячеславовна","ж",11,11,34,null,null,100,null,null,"Ахметзянова Ольга Евгеньевна"]
[7,"Тазеев","Ильшат","Илдарович","м",11,11,28,null,null,100,null,null,"Ильясов Айнур Ильясович"]
[8,"Чупашев","Роман","Дмитриевич","м",11,11,28,null,null,100,null,null,"Фунтикова Энза Николаевна"]
[9,"Сельскова","Арина","Дмитриевна","ж",11,11,14,null,null,100,null,null,"Гончарова Альбина Анатольевна"]
[10,"Гильметдинова","Малика","Маратовна","ж",11,11,13,null,null,100,null,null,"Обуховская Ирина Николаевна"]
[11,"Калимуллина","Динара","Айратовна","ж",11,11,13,null,null,100,null,null,"Юганова Евгения Михайловна"]
[12,"Родионова","Арина","Сергеевна","ж",11,11,12,null,null,100,null,null,"Ахмерова Динара Рафиковна"]
[13,"Башарова","Алия","Ильшатовна","ж",11,11,8,null,null,100,null,null,"Обуховская Ирина Николаевна"]
[14,"Никифорова","Карина","Денисовна","ж",11,11,7,null,null,100,null,null,"Савельева Ольга Ивановна"]
[15,"Хайруллина","Камилла","Рамилевна","ж",11,11,7,null,null,100,null,null,"Валиева Елена Анатольевна"]
[16,"Шайдуллина","Самира","Айратовна","ж",11,11,7,null,null,100,null,null,"Гурьянова Светлана Анатольевна"]
[17,"Евлентьева","Владлена","Романовна","ж",11,11,5,null,null,100,null,null,"Гончарова Альбина Анатольевна"]